Caucasia: Biggest Cities - Statistics

General Stats
  • This quiz has been taken 43 times
  • The average score is 6 of 9
Answer Stats
Countries Cities % Correct
Azerbaijan Baku
100%
Georgia Tbilisi
100%
Armenia Yerevan
97%
Georgia Batumi
74%
Azerbaijan Ganja
51%
Georgia Kutaisi
49%
Armenia Gyumri
34%
Georgia Rustavi
29%
Azerbaijan Sumqayit
23%
No matching quizzes found
Score Distribution
Percent of People with Each Score
Percentile by Number Answered
Your Score History
You have not taken this quiz